• 首页
  • 本馆介绍
  • 公告通知
  • 最新文献
  • 馆藏检索
  • 电子资源
  • 读者导购
  • 参考咨询
  • 我的图书馆
  • 登录
  • 详细信息显示
  • 放入我的书架
  • 预约/预借图书
  • 作者相关作品
  • 分类相关作品
  • 丛书相关作品
  • 出版社相关作品

书目信息

  • 表格格式
  • 工作单格式
  • 卡片格式
题名:
实用创意教学活动50种
    
 
作者: 易斯特伍德 著 ;李文超 , 刘玲 译
分册:  
出版信息: 上海   华东师范大学出版社  2014
页数: 11, 154页
开本: 24cm
丛书名:
单 册:
中图分类: G424.2
科图分类:
主题词: 教学活动--jiao xue huo dong--研究
电子资源:
ISBN: 978-7-5675-1895-7
000 01159nam0 2200301 450
001 340299
005 20150625105127.59
010    @a978-7-5675-1895-7@dCNY25.00
100    @a20141022d2014 em y0chiy50 ea
101 1  @achi@ceng
102    @aCN@b310000
105    @aa z 000yy
106    @ar
200 1  @a实用创意教学活动50种@Ashi yong chuang yi jiao xue huo dong 50 zhong@f(英) Linda Eastwood等著@g李文超, 刘玲译
210    @a上海@c华东师范大学出版社@d2014
215    @a11, 154页@c图@d24cm
305    @a由麦格劳-希尔 (亚洲) 教育出版公司和华东师范大学出版社有限公司合作出版
312    @a英文题名取自书内
314    @a责任者规范汉译姓: 易斯特伍德
330    @a本书详细介绍了50种实用的教学活动, 包括应用情境、操作步骤等, 本书还探索了关于教和学中创新和变革的理论, 以及一些有争议的辩论。
500 10 @aToolkit for creative teaching in post-compulsory education@mChinese
606 0  @a教学活动@Ajiao xue huo dong@x研究
690    @aG424.2@v5
701  1 @a易斯特伍德@Ayi si te wu de@g(Eastwood, Linda)@4著
702  0 @a李文超@Ali wen chao@4译
702  0 @a刘玲@Aliu ling@4译
801  0 @aCN@b卓展宏图@c20150525
905    @dG424.2@e266@f4
    
    实用创意教学活动50种/(英) Linda Eastwood等著/李文超, 刘玲译.-上海:华东师范大学出版社,2014
    11, 154页:图;24cm
    
    
    ISBN 978-7-5675-1895-7:CNY25.00
    本书详细介绍了50种实用的教学活动, 包括应用情境、操作步骤等, 本书还探索了关于教和学中创新和变革的理论, 以及一些有争议的辩论。
●
相关链接 在E读中查询图书 在五车中查询图书 在当当中查询图书 在豆瓣中查询图书


正题名:实用创意教学活动50种     索取号:G424.2/266         预约/预借

序号 登录号 条形码 馆藏地/架位号 状态 备注
1 865118   208651181   第一样本阅览室/ [索取号:G424.2/266] 在馆    
2 865119   208651190   第四借阅区/ [索取号:G424.2/266] 在馆    
3 865120   208651207   第四借阅区/ [索取号:G424.2/266] 在馆    
4 865121   208651216   第四借阅区/ [索取号:G424.2/266] 在馆    
唐山师范学院图书馆 欢迎您!
大连网信软件有限公司© 版权所有